Gaming Quiz

Random Gaming or Video Games Quiz

Video Game Villain Slideshow Quiz Stats

Quiz Updated Mar 14, 2015

Challenge
Share
Tweet
Score 0/25 Timer 10:00
5 Plays Today
% Correct
Bowser
98.3%
Blinky, Pinky, Inky & Clyde
86.2%
Dr. Eggman
76.9%
Ganondorf
66.7%
GLaDOS
62.5%
King Dedede
61.6%
Master Hand
55.5%
Pyramid Head
53.2%
M. Bison
46.9%
Sephiroth
45.8%
Ridley
45.2%
King K. Rool
43.1%
Dr. Neo Cortex
40.7%
% Correct
Dr. Wily
40.4%
Handsome Jack
39.8%
Andross
36.1%
Albert Wesker
34.4%
The Lich King
34%
Andrew Ryan
28.4%
Shao Kahn
26.4%
Vaas Montenegro
22.7%
Fawful
20.1%
Saren Arterius
18.2%
Dr. Nefarious
13.5%
The Prophet of Truth
13.3%

You're not logged in!

Compare scores with friends on all Sporcle quizzes.
Sign Up with Email
OR
Log In

You Might Also Like...

Show Comments

Extras

Top Quizzes Today


Score Distribution

Your Account Isn't Verified!

In order to create a playlist on Sporcle, you need to verify the email address you used during registration. Go to your Sporcle Settings to finish the process.